Statistics for Every NCAA Division I School in Florida

Click here to take the quiz!

General Stats

  • This quiz has been taken 22 times
  • The average score is 10 of 13

Answer Stats

AnswerConference% Correct
Central FloridaBig 12
100%
FloridaSEC
100%
Florida StateACC
100%
MiamiACC
100%
South FloridaAmerican
95%
Florida InternationalC-USA
90%
JacksonvilleASUN
85%
Florida AtlanticAmerican
80%
Florida Gulf CoastASUN
70%
Florida A&MSWAC
55%
North FloridaASUN
55%
StetsonASUN
55%
Bethune-CookmanSWAC
40%

Score Distribution

Percentile by Number Answered

Percent of People with Each Score

Your Score History

You have not taken this quiz